| Tag |
First Indicator |
Second Indicator |
Subfields |
| LEADER |
00000cam a22000008a 4500 |
| 001 |
in00000084174 |
| 005 |
20151008055709.0 |
| 008 |
810922s1981 nju b 00110 eng |
| 010 |
|
|
|a 81014969
|
| 020 |
|
|
|a 0893910821 :
|c $15.00
|
| 035 |
|
|
|a (OCoLC)07836638
|
| 035 |
|
|
|9 AAJ4144AM
|
| 039 |
0 |
|
|a 2
|b 3
|c 3
|d 3
|e 3
|
| 040 |
|
|
|a DLC
|c DLC
|d TXA
|d UtOrBLW
|
| 043 |
|
|
|a n-us---
|
| 049 |
|
|
|a TXAM
|c [1804481]
|
| 050 |
0 |
0 |
|a Z668
|b .S52
|
| 082 |
0 |
|
|a 020/.7/11
|2 19
|
| 100 |
1 |
|
|a Shiflett, Orvin Lee.
|
| 245 |
1 |
0 |
|a Origins of American academic librarianship /
|c by Orvin Lee Shiflett.
|
| 263 |
|
|
|a 8109
|
| 264 |
|
1 |
|a Norwood, N.J. :
|b Ablex Pub. Corp.,
|c [1981]
|
| 264 |
|
4 |
|c ©1981
|
| 300 |
|
|
|a xxii, 308 pages ;
|c 24 cm.
|
| 336 |
|
|
|a text
|b txt
|2 rdacontent
|
| 337 |
|
|
|a unmediated
|b n
|2 rdamedia
|
| 338 |
|
|
|a volume
|b nc
|2 rdacarrier
|
| 490 |
1 |
|
|a Libraries and librarianship
|
| 500 |
|
|
|a Includes index.
|
| 504 |
|
|
|a Bibliography: pages 279-300.
|
| 650 |
|
0 |
|a Library science
|x Vocational guidance
|z United States.
|
| 650 |
|
0 |
|a Academic librarians
|z United States.
|
| 650 |
|
0 |
|a Library education
|z United States.
|
| 830 |
|
0 |
|a Libraries and librarianship.
|
| 999 |
|
|
|a MARS
|
| 999 |
f |
f |
|s c882ada4-6776-304a-b289-7cde3d7504bb
|i 5284d5ad-82bf-3219-a509-f96a11de1c22
|t 0
|
| 952 |
f |
f |
|p ric
|a Texas A&M University
|b Rellis Campus
|c Joint Library Facility
|d Remote Storage
|t 0
|e Z668 .S52
|h Library of Congress classification
|i unmediated -- volume
|m A14806262144
|
| 998 |
f |
f |
|a Z668 .S52
|t 0
|l Remote Storage
|